000 00962naa a22003017a 4500
001 BR8004036
003 BR-BrBNA
005 20240918174623.0
007 ta
008 230509b bl.||||| |||| 00| 0 por d
040 _aBR-BrBNA
_bpor
_cBiblioteca Nacional de Agricultura
041 _a(Pt)
072 _aF00
_b0230
090 _aF00 BR8004036
100 1 _aCanecchio Filho, V.
245 1 _aCultura da cana-de-acucar (Saccharum sp)[Plantio; Corte; Adubacao; Defesa vegetal]
250 1 _a6. ed.
260 3 _aCampinas, SP (Brasil):
_c1980.
500 _aAdministracao tecnica agricola 6. ed. Campinas, SP (Brasil): 1980. p. 365-372 (BR8004036-AM)F00
650 _aCANA DE ACUCAR
650 _aPLANTIO
650 _aADUBACAO
650 _aCORTE
650 _aDEFESA VEGETAL
773 0 _tAdministracao tecnica agricola
_wF00 BR8004036
_gCampinas, SP (Brasil), 1980. p. 365-372
909 _a202404
_bLucia
_c55
_dLucia Elande
942 _cAM
_2AGRIS
999 _c312400
_d312400